Lohn und soziale Sicherung unter den Bedingungen der sozialen Marktwirtschaft
Uložené v:
| Médium: | Kniha |
|---|---|
| Jazyk: | German |
| Vydavateľské údaje: |
Berlin
Hochschule für Ökonomie
1990
|
| Vydanie: | 1. Aufl. |
| Edícia: | Forschungsinformation
Heft 47 |
| Tagy: |
Žiadne tagy, Buďte prvý, kto otaguje tento záznam!
|
MARC
| LEADER | 00000nam a2200000 4500 | ||
|---|---|---|---|
| 001 | c025310 | ||
| 005 | 20221215124638.0 | ||
| 041 | 0 | |a ger | |
| 044 | |a DE | ||
| 245 | 1 | 0 | |a Lohn und soziale Sicherung unter den Bedingungen der sozialen Marktwirtschaft |
| 250 | |a 1. Aufl. | ||
| 264 | 1 | |a Berlin |b Hochschule für Ökonomie |c 1990 | |
| 300 | |a 173 s. | ||
| 490 | 1 | |a Forschungsinformation |v Heft 47 | |
| 830 | 0 | |a Forschungsinformation |v Heft 47 | |